000 03160cam a22011894i 4500
003 PE-LiUPU
005 20250813185430.0
008 190708s2006 ag a r 000 0 spa d
020 _a9875679887
020 _a9789875679887
035 _a(Sirsi) a252272
040 _aPE-LiUPU
_bspa
_cPE-LiUPU
_erda
049 _aPRUA
082 0 4 _a370.114
_bK84
_221
100 1 _aKrumm, Sonia,
_eautor.
245 1 0 _aAventuras en familia /
_cSonia Krumm.
250 _aPrimera edición.
264 1 _aFlorida :
_bAsociación casa editora sudamericana,
_c2016.
300 _a112 páginas :
_bilustraciones ;
_c21 centímetros
336 _atext
_2rdacontent
337 _aunmediated
_2rdamedia
338 _avolume
_2rdacarrier
505 0 _aAtrapados -- el pequeño Picasso -- serpientes -- catalina -- buena puntería -- las abejas me enseñaron -- cuatro señoritas -- fuegos en el cielo -- el monedero negro -- habla canela -- Maira un gallina feliz -- el vestido de los besitos -- no podía esperar -- pasteles de barro -- no temas yo te ayudo -- los habitantes secretos -- ¿siete vidas? -- navidad anticipada -- zapatos gastados -- tiggy el ingenioso -- respuesta bajo la lluvia -- sin pestañas -- vuelve blanquita -- el proyecto de navidad.
526 _aP202
526 _aP201
526 _aP163
526 _aP162
526 _aP161
526 _aP160
526 _aP148
526 _aP147
526 _aP146
526 _aP145
526 _aP144
526 _aP143
526 _aP142
526 _aP141
526 _aP140
526 _aP139
526 _aP138
526 _aP137
526 _aP136
526 _aP135
526 _aP134
526 _aP133
526 _aP129
526 _aP128
526 _aP127
526 _aP120
526 _aP119
526 _aP118
526 _aP116
526 _aP115
526 _aP114
526 _aP110
526 _aP109
526 _aP108
526 _aP104
526 _aP103
526 _aP102
526 _aP99
526 _aP98
526 _aP97
526 _aP96
526 _aP95
526 _aP93
526 _aP90
526 _aP89
526 _aP88
526 _aP83
526 _aP82
526 _aP62
526 _aP59
526 _aP58
526 _aP57
526 _aP51
526 _aP49
526 _aP48
526 _aP47
526 _aP29
526 _aP24
526 _aP20
526 _aP19
526 _aP17
526 _aP15
526 _aP14
526 _aP12
526 _aP10
526 _aP09
526 _aP08
526 _aP07
526 _aP06
526 _aP05
526 _aP04
526 _aP01
650 1 4 _aEducación en valores.
910 _adbm
_bksl
_cksl
_d20190708
596 _a1
942 _2ddc
_cBOOK
999 _a370.114 K84
_wDEWEY
_c31504
_i80272
_f2021-11-8
_g2
_lCCODEBUL1
_mBUL
_p15.00
_r0
_sY
_tBOOK
_u2019-7-8
_xEDUCACION
_zP20
_0COMPRA
_o.STAFF. Colección Ciencias Humanas y Educación
_d31504
980 _81
_gALBERTO SANCHEZ Responsable de Automatización